000 01252naa a22002897a 4500
001 BR8104683
003 BR-BrBNA
005 20250716171941.0
007 ta
008 250630b bl.|||m| |||| 00| 0 por d
040 _aBR-BrBNA
_bpor
_cBiblioteca Nacional de Agricultura
041 _a(Pt)
072 _aS30
_b1540
_bG514
090 _aS30 BR8104683
100 1 _aMaciel, I.T.
111 1 _a1. Congresso Brasileiro de Mandioca
_cSalvador, BA (Brazil)
_d25 Nov 1979
245 1 _aParticipacao da mandioca na dieta do brasileiro [Habito alimentar; Nutricao humana; Deficiencia nutricional]
500 _aAnais do 1.Congresso Brasileiro de Mandioca, v. 2: Alimentacao humana e animal. Alcool Cruz das Almas, BA (Brasil): 1981. p. 119-125 [17 ref.] (BR8104683-AMS)
773 0 _tAnais do 1.Congresso Brasileiro de Mandioca, v. 2: Alimentacao humana e animal. Alcool
_wS30 BR8104683
_gCruz das Almas, BA (Brasil), 1981. p. 119-125
650 _aALIMENTACAO
650 _aMANDIOCA
650 _aHABITO ALIMENTAR
650 _aDEFICIENCIA NUTRICIONAL
490 _aDocumentos - Empresa Brasileira de Pesquisa Agropecuaria. Depto. de Informacao e Documentacao (Brazil)
_vno. 18
942 _cAMS
_2AGRIS
909 _a202506
_bLúcia
_c55
_dLúcia Elande
999 _c333788
_d333788